|
|
|
|
| LEADER |
03447nam a22003853i 4500 |
| 001 |
EBC6734059 |
| 003 |
MiAaPQ |
| 005 |
20231204023218.0 |
| 006 |
m o d | |
| 007 |
cr cnu|||||||| |
| 008 |
231204s2007 xx o ||||0 eng d |
| 020 |
|
|
|a 9782759212736
|q (electronic bk.)
|
| 035 |
|
|
|a (MiAaPQ)EBC6734059
|
| 035 |
|
|
|a (Au-PeEL)EBL6734059
|
| 035 |
|
|
|a (OCoLC)1288211239
|
| 040 |
|
|
|a MiAaPQ
|b eng
|e rda
|e pn
|c MiAaPQ
|d MiAaPQ
|
| 100 |
1 |
|
|a Turner, Richard.
|
| 245 |
1 |
0 |
|a Geophysical and Geotechnical Methods for Diagnosing Flood Protection Dikes :
|b Guide for Implementation and Interpretation.
|
| 264 |
|
1 |
|a Versailles :
|b Quae,
|c 2007.
|
| 264 |
|
4 |
|c ©2023.
|
| 300 |
|
|
|a 1 online resource (126 pages)
|
| 336 |
|
|
|a text
|b txt
|2 rdacontent
|
| 337 |
|
|
|a computer
|b c
|2 rdamedia
|
| 338 |
|
|
|a online resource
|b cr
|2 rdacarrier
|
| 490 |
1 |
|
|a Hors Collection
|
| 505 |
0 |
|
|a Intro -- Title Page -- Copyright Page -- Table of Contents -- Table of Figures -- 1 - INTRODUCTION -- 2 - BACKGROUND TO THE CIVIL ENGINEERING DIAGNOSIS OF FLOOD PROTECTION DIKES -- 2.1 Nature, functions and composition of dikes -- 2.2 Classification of malfunctions and failure mechanisms -- 2.3 Diagnosing a structure -- 3 - GENERAL METHODOLOGY FOR THE EFFICIENT DIAGNOSIS OF DRY DIKES -- 3.1 Introduction -- 3.2 Preliminary study phase: searching for indicators -- 3.3 Geophysical exploration -- 3.4 Geotechnical exploration -- 4 - GEOPHYSICAL EXPLORATION METHODS -- 4.1 High-efficiency exploration using the Slingram method -- 4.2 High-efficiency exploration using the radio magnetotelluric method -- 4.3 Comparison of Slingram and RMT high-efficiency electromagnetic methods on dry dikes -- 4.4 Other high-efficiency exploration methods: ground penetrating radar -- 4.5 Local investigation with 2D electrical imaging survey -- 4.6 Local investigation using seismic refraction -- 5 - EFFECTIVE GEOTECHNICAL METHODS - IN SITU TESTS -- 5.1 Choice of methods and factors in locating investigation sites -- 5.2 Penetrometric tests: PANDA -- 5.3 Penetrometric tests: Heavy-duty dynamic cone penetrometer (LCPC) -- 5.4 Lefranc permeability tests -- 5.5 Permeability tests using the Perméafor -- 5.6 Shear tests with the phicometer -- 5.7 Investigation using a mechanical shovel -- 5.8 Mechanical drilling -- 6 - METHODOLOGICAL SUMMARY OF THE GEOPHYSICAL AND GEOTECHNICAL TECHNIQUES USED FOR THE EFFICIENT DIAGNOSIS OF DRY DIKES -- 6.1 Reminder of the context of the study -- 6.2 Key study phases in the diagnosis -- 6.3 Reporting the geophysical and geotechnical results -- 6.4 Comparison of the geophysical methods -- 7 - PROPOSAL FOR THE DEVELOPMENT OR TESTING OF GEOPHYSICAL AND GEOTECHNICAL METHODS FOR DIKE DIAGNOSIS -- 8 - CONCLUSION -- BIBLIOGRAPHY -- PHOTO CREDITS.
|
| 588 |
|
|
|a Description based on publisher supplied metadata and other sources.
|
| 590 |
|
|
|a Electronic reproduction. Ann Arbor, Michigan : ProQuest Ebook Central, 2023. Available via World Wide Web. Access may be limited to ProQuest Ebook Central affiliated libraries.
|
| 655 |
|
4 |
|a Electronic books.
|
| 700 |
1 |
|
|a Fauchard, Cyrille.
|
| 700 |
1 |
|
|a Mériaux, Patrice.
|
| 776 |
0 |
8 |
|i Print version:
|a Turner, Richard
|t Geophysical and Geotechnical Methods for Diagnosing Flood Protection Dikes
|d Versailles : Quae,c2007
|
| 797 |
2 |
|
|a ProQuest (Firm)
|
| 830 |
|
0 |
|a Hors Collection
|
| 856 |
4 |
0 |
|u https://ebookcentral.proquest.com/lib/matrademy/detail.action?docID=6734059
|z Click to View
|